| 000 | 00000nam##2200000za#4500 |
| 001 | 9.695983 |
| 003 | CaOODSP |
| 005 | 20210624234827 |
| 007 | cr ||||||||||| |
| 008 | 150407|1998||||xxc|||||o f|0| 0 eng|d |
| 040 | |aCaOODSP|beng |
| 043 | |an-cn--- |
| 086 | 1 |aNE23-77/1998E-PDF |
| 110 | 1 |aCanada. |bNational Energy Board. |
| 245 | 10|aNon-associated natural gas resource assessment study, Saskatchewan |h[electronic resource] |
| 260 | |aCalgary - Alberta : |bNational Energy Board |c1998, c1995. |
| 300 | |a20p.|bfig., glossary, graph, maps, tables |
| 500 | |aThe catalogue number (NE23-77/1998E) and ISBN (0-662-27428-8) for the print edition have been incorrectly copied in this electronic publication. |
| 590 | |a12-21-Supp|b2012-05-18 |
| 690 | 07|aAssessment|2gcpds |
| 690 | 07|aNatural gas|2gcpds |
| 775 | 08|tÉtude d'évaluation des ressources en gaz naturel non associé en Saskatchewan |w(CaOODSP)9.640096 |
| 776 | 0#|tNon-associated natural gas resource assessment study, Saskatchewan |w(CaOODSP)9.647200 |
| 856 | 40|ahttp://publications.gc.ca|qPDF|s115 Ko|uhttps://publications.gc.ca/collections/Collection/NE23-77-1998E.pdf |